00623 2200193 4500001002100000005001500021035002000036007000300056008004100059082000800100084001400108100003300122245012600155260004500281300003200326520002700358600002200385856002200407INLIS00000000000286520220110100258 a0010-0122000046ta220110 e 0 ind  a920 a920 PRO b0 aProf. Drs. J.A. Pattikayhatu1 aBiografi singkat pahlawan dan toko nasional asal daerah maluku :bPahlawan dan toko nasional /cProf.Drs.J.A Pattikayhatu ajokjakarta :bPT.Citra Aji Parama,c2008 av - 34 hlm :bilus ;c15 cm aToko pahlawan nasional 4apAHLAWAN NASIONAL aperpustakaan umum